000 00537nam a2200181 a 4500
001 13874
003 CO-ViMGA
008 141112s2004 ck r 000 u spa d
020 _a8480131101
040 _aCO-ViMGA
_bspa
_cCO-ViMGA
082 0 4 _a796.334 R671
100 1 _aRosado M., Andres
_920226
245 1 0 _aFutbol base :
_bla preparacion fisica en el futbol para jovenes de 14 a 16 años
260 _aMadrid :
_bGymnos,
_c1997
590 _aForma de adquisición : Compra
650 1 4 _aFUTBOL - ENSEÑANZA
_920227
942 _2ddc
_cBK
999 _c24576
_d24576